| 000 | 00528nam a2200193 a 4500 | ||
|---|---|---|---|
| 005 | 20140310183343.0 | ||
| 008 | 070119s19uu xx 00 eng d | ||
| 020 | _a15811153244 | ||
| 050 |
_aTS 176 _b.P448 2004 |
||
| 100 | _aPhillips, Peter L. | ||
| 245 |
_aCreating the Perfect Design Brief./ _bPeter L. Phillips. |
||
| 260 |
_aNew York : _bAllworth Press, _c2004. |
||
| 300 |
_a191 p. : _c23 cm. |
||
| 521 | _aMA | ||
| 650 | _aProduction planning. | ||
| 650 | _aWork design. | ||
| 942 |
_cBK _2lcc _kFOR |
||
| 999 |
_c21862 _d21862 |
||